Tripartitum Juris Philosophici Actibus Logicis Principia tradens, Qua Dum Prooemialiter ex Logicis Disputaret, Spect. ac Mag. Ominus, Thomas L.B. Berinyi, De Karáncs Beriny AA.LL. & Philosophiae in primum annum auditor, Praeside R.P.Wolff. Bossáni, e Societ. Jesu, AA. LL. & Phill. Doctore, ejusdemque in Alma Archi-Episc. Universitate Tyrnaviensi Professore Ordinario. Ex Ejudem Praelectionibus Condiscipulis proposuit. Anno, quo Paci propius a CCeDIMVs.

Bibliographic Details
Main Author: Bošáni, Farkaš, 1669-1726 (Author)
Corporate Author: Akademická tlačiareň (Trnava, Slovensko) (Printer)
Other Authors: Berinyi, Thomas (Dissertant, Dedicator)
Format: Book
Language:Latin
PhysicalDescription:[8], 48, 121-122, 143-148, [3] s. 14 cm
Published: Tyrnaviae Typis Academicis 1706
Subjects:

MARC

LEADER 00000cam a2200000 a 4500
001 vtls001323310
003 SK-MaSNL
005 20260426001530.0
008 180810s1706 xo 0 lat
015 |a SNBHFA 
035 |a SNK00027600 
040 |a SNK  |b slo  |c SNK  |e AACR2 
041 0 |a lat 
044 |a xo  |c SK 
072 7 |a 101  |x Filozofia  |2 konspekt 
080 |a 101  |2 2011 
100 1 |a Bošáni, Farkaš,  |d 1669-1726  |4 aut  |9 309827 
245 1 0 |a Tripartitum Juris Philosophici  |b Actibus Logicis Principia tradens, Qua Dum Prooemialiter ex Logicis Disputaret, Spect. ac Mag. Ominus, Thomas L.B. Berinyi, De Karáncs Beriny AA.LL. & Philosophiae in primum annum auditor, Praeside R.P.Wolff. Bossáni, e Societ. Jesu, AA. LL. & Phill. Doctore, ejusdemque in Alma Archi-Episc. Universitate Tyrnaviensi Professore Ordinario. Ex Ejudem Praelectionibus Condiscipulis proposuit. Anno, quo Paci propius a CCeDIMVs. 
246 3 0 |a Theses Prooemiales 
260 |a Tyrnaviae  |b Typis Academicis  |c 1706 
300 |a [8], 48, 121-122, 143-148, [3] s.  |c 14 cm 
500 |a Vinety. Celostranová ilustrácia. Ozdobné linky. Ozdobné iniciály. Zložky. Kustody 
504 |a Živé záhlavie 
505 2 |a Prítl. 1.  |t Theses Prooemiales 
508 |a Venovanie Thomasa Berinyiho 
510 4 |a Bibliografia 18. storočia  |c 1275 
550 |a Chronogram 
650 0 7 |a filozofia  |2 SNKPH  |9 793 
655 7 |a promočné tlače  |2 SNKPH  |9 73127 
700 1 |a Berinyi, Thomas  |4 dis  |4 dto  |9 579203 
710 2 |a Akademická tlačiareň (Trnava, Slovensko)  |4 prt  |9 232890 
752 |a Slovensko  |d Trnava 
852 |a snk  |p SE 8051 
958 |a ONDV 
958 |a DD 
999 |c 889728  |d 891658 
952 |a SNK  |b SNK  |y PREZ  |7 0  |p 17A0786378  |o snkSE 8051  |i snkF 2199/89  |8 5  |0 0  |1 0  |4 0  |d 1998-03-04  |l 0  |r 2005-01-02 00:00:00  |w 2026-02-24 
952 |a SNK  |b SNK  |y PREZ  |7 0  |p 17A0099631  |o snkSE 7190  |i snkF 5078/81  |8 5  |0 0  |1 0  |4 0  |d 1998-03-04  |l 0  |r 2005-01-02 00:00:00  |w 2026-02-24